000
00312 a2200121 4500
000
nam a22 7a 4500
005
20260206114513.0
020
_a
9789348650047
100
_a
Anand Kumar Singh
_9
1114127
245
_a
Vivekanand (Delux Edition Color)
260
_b
Nayee Kitab Prakashan
_c
2025
942
_c
TEXL
999
_c
1678781
_d
1678781